000 00788nam a2200241 a 4500
001 BRCA_5910
005 20190320205247.0
008 110311s1953----nyua######---#000-0#eng-#
041 _aeng
044 _anyu
050 4 _aN50
_b.M37 2 1953
245 1 0 _aMastai’s national classified directory of American art & antique dealers, 1953
_bart museums, the United States, Canada, Mexico, Belgium, the British Isles, France, Italy, the Netherlands and Switzerland.
250 _a5
260 _aNueva York
_bMastai
_cc1953
300 _a464 p.
_bil.
_c24 cm.
500 _aEstado físico: Camisa deteriorada
500 _aVer también G40 (2a ed. 1944)
500 _aG61
650 1 4 _aArte
_zAmérica
_914766
650 1 4 _aArte
_vDirectorios
_914767
902 _aGFM
942 _2lcc
_cB
999 _c5599
_d5599